[Event "Sapporo Autumn Chess Tournament 2025"]
[Site "Sapporo Chess Club"]
[Date "2025.10.13"]
[Round "5"]
[Board "2"]
[White "Shishido, Kenta"]
[Black "Sugimoto, Koichi"]
[Result "0-1"]
[WhiteElo "1483"]
[BlackElo "1866"]
[PlyCount "78"]
[EventDate "2025.10.12"]
[EventRounds "5"]
[EventCountry "JPN"]

1. e4 c5 2. Nf3 d6 3. d4 cxd4 4. Nxd4 Nf6 5. Nc3 g6 6. Bb5+ Nbd7 7. O-O Bg7 8.
Re1 O-O 9. b3 a6 10. Bf1 Qc7 11. Bb2 b5 12. Nd5 Nxd5 13. exd5 Ne5 14. h3 Re8
15. g3 Bb7 16. Bg2 Qc5 17. Ne2 Nf3+ 18. Bxf3 Bxb2 19. Rb1 Be5 20. Kg2 Rac8 21.
c4 Rc7 22. Rc1 b4 23. Rc2 e6 24. Rd2 a5 25. Rd3 a4 26. Kf1 a3 27. dxe6 fxe6 28.
Bxb7 Rxb7 29. Nd4 Rf7 30. Re2 Rf6 31. Kg2 Ref8 32. f4 Bxd4 33. Rxd4 Qc6+ 34.
Kf2 e5 35. Rde4 exf4 36. gxf4 Rxf4+ 37. Rxf4 Rxf4+ 38. Ke1 Qh1+ 39. Kd2 Rd4+
 0-1

[Event "Sapporo Autumn Chess Tournament 2025"]
[Site "Sapporo Chess Club"]
[Date "2025.10.13"]
[Round "5"]
[Board "3"]
[White "Furuse, Mizuki"]
[Black "Nakamura, Mitsuru"]
[Result "1-0"]
[WhiteElo "1584"]
[BlackElo "1579"]
[PlyCount "73"]
[EventDate "2025.10.12"]
[EventRounds "5"]
[EventCountry "JPN"]

1. Nf3 Nf6 2. g3 g6 3. Bg2 Bg7 4. O-O O-O 5. c4 c5 6. d4 d6 7. Nc3 Nc6 8. d5
Na5 9. Qd3 Rb8 10. e4 Bg4 11. Be3 b6 12. Nd2 Qd7 13. a3 Bh3 14. b4 Bxg2 15.
Kxg2 Nb7 16. h3 Rfe8 17. Rab1 e6 18. b5 Na5 19. Rbd1 exd5 20. Nxd5 Nxd5 21.
exd5 Re7 22. Bf4 Rbe8 23. h4 Be5 24. Ne4 Qf5 25. Bxe5 Qxe5 26. Rde1 Nb7 27. Qf3
f5 28. Nxc5 Nxc5 29. Rxe5 Rxe5 30. Qd1 Ne4 31. Qc2 Rf8 32. Re1 Rfe8 33. f3 Nc5
34. Rxe5 Rxe5 35. Kf2 Kf7 36. Qd1 Kf6 37. g4  1-0

[Event "Sapporo Autumn Chess Tournament 2025"]
[Site "Sapporo Chess Club"]
[Date "2025.10.13"]
[Round "5"]
[Board "4"]
[White "Yajima, Machiko"]
[Black "Kaga, Kazuyuki"]
[Result "0-1"]
[WhiteElo "1327"]
[BlackElo "1481"]
[PlyCount "112"]
[EventDate "2025.10.12"]
[EventRounds "5"]
[EventCountry "JPN"]

1. g3 g6 2. Nf3 Bg7 3. Bg2 c5 4. O-O Nc6 5. c4 e6 6. d3 Nge7 7. Nc3 d5 8. Na4
b6 9. Bg5 O-O 10. Bxe7 Qxe7 11. e3 Ba6 12. Rb1 dxc4 13. Ne1 Rac8 14. Nc3 cxd3
15. Qa4 Na5 16. Nb5 Bxb5 17. Qxb5 c4 18. b4 d2 19. Nc2 c3 20. bxa5 Qc5 21. Qxc5
Rxc5 22. axb6 axb6 23. Rxb6 Rd8 24. Rd1 Ra5 25. a3 Bf8 26. Rc6 Bxa3 27. Rxc3
Bb2 28. Rb3 Ra2 29. Bf3 Bf6 30. Be4 Bg7 31. Bd3 e5 32. Rxd2 e4 33. Bc4 Rxd2 34.
Rb8+ Bf8 35. Bxa2 Rxc2 36. Bd5 Kg7 37. Bxe4 Rd2 38. Kg2 Bc5 39. Kf3 f5 40. Rb7+
Kf6 41. Bb1 g5 42. h3 h5 43. Rh7 g4+ 44. hxg4 hxg4+ 45. Kg2 Bxe3 46. Kg1 Rxf2
47. Rh2 Rb2+ 48. Kf1 Rxh2 49. Bd3 Bf2 50. Be2 Bxg3 51. Bc4 Be5 52. Kg1 g3 53.
Bb5 Bd4+ 54. Kf1 g2+ 55. Ke1 g1=Q+ 56. Bf1 Qf2+  0-1

[Event "Sapporo Autumn Chess Tournament 2025"]
[Site "Sapporo Chess Club"]
[Date "2025.10.13"]
[Round "5"]
[Board "5"]
[White "Denta, Seiichi"]
[Black "Ito, Katsuhide"]
[Result "0-1"]
[WhiteElo "1376"]
[BlackElo "1307"]
[PlyCount "50"]
[EventDate "2025.10.12"]
[EventRounds "5"]
[EventCountry "JPN"]

1. d4 d5 2. Nf3 e6 3. Nc3 c5 4. dxc5 Bxc5 5. Be3 Bxe3 6. fxe3 Qb6 7. b3 Qxe3 8.
Qd3 Qh6 9. Ne5 Nf6 10. Qb5+ Nbd7 11. Nxd7 Nxd7 12. Rd1 a6 13. Qb4 Qf6 14. Rd4
a5 15. Rf4 axb4 16. Rxf6 Nxf6 17. Nb5 Rxa2 18. Nd6+ Kd7 19. Nxf7 Rf8 20. Ne5+
Kd6 21. Nd3 Ne4 22. Nf2 Nxf2 23. Rg1 Ra1+ 24. Kd2 Rd1+ 25. Ke3 Ng4#  0-1